The education of mentally defective children : (Record no. 50787)
[ view plain ]
| 000 -LEADER | |
|---|---|
| fixed length control field | 00780nam a22002292a 4500 |
| 001 - CONTROL NUMBER | |
| control field | 50787 |
| 003 - CONTROL NUMBER IDENTIFIER | |
| rucl marc code | BD-RJUL |
| 005 - DATE AND TIME OF LATEST TRANSACTION | |
| control field | 20211209075550.0 |
| 008 - FIXED-LENGTH DATA ELEMENTS--GENERAL INFORMATION | |
| fixed length control field | 160828s1928 xx a 000 0 eng d |
| 035 ## - SYSTEM CONTROL NUMBER | |
| System control number | BD-RJUL 50907 |
| 040 ## - CATALOGING SOURCE | |
| Original cataloging agency | NLM |
| Transcribing agency | NLM |
| Modifying agency | EQO |
| Language of cataloging | eng |
| 041 ## - LANGUAGE CODE | |
| Language code of text/sound track or separate title | eng |
| 060 #0 - NATIONAL LIBRARY OF MEDICINE CALL NUMBER | |
| Classification number | LC 4601 |
| Item number | D448e 1928 |
| 082 ## - DEWEY DECIMAL CLASSIFICATION NUMBER | |
| Edition number | 23 |
| Classification number | 371.9 |
| Author mark and year | DEE 1928 |
| 100 1# - MAIN ENTRY--PERSONAL NAME | |
| Personal name | Descoeudres, Alice. |
| 9 (RLIN) | 152030 |
| 245 14 - TITLE STATEMENT | |
| Title | The education of mentally defective children : |
| Remainder of title | psychological observations and practical suggestions. / |
| Statement of responsibility, etc. | Tr. from the second French ed. by Ernest F. Row |
| 260 ## - PUBLICATION, DISTRIBUTION, ETC. (IMPRINT) | |
| Place of publication, distribution, etc. | London : |
| Name of publisher, distributor, etc. | Harrap, |
| Date of publication, distribution, etc. | [1928] |
| 300 ## - PHYSICAL DESCRIPTION | |
| Pagination | 312 p. : |
| Illustrations | ill. ; |
| Size | 17 cm. |
| 500 ## - GENERAL NOTE | |
| General note | Translation of L'éducation des enfants anormaux |
| 650 ## - SUBJECT ADDED ENTRY--TOPICAL TERM | |
| Topical term or geographic name as entry element | Children with mental disabilities. |
| 9 (RLIN) | 152031 |
| 942 ## - ADDED ENTRY ELEMENTS (KOHA) | |
| Source of classification or shelving scheme | Dewey Decimal Classification |
| Koha item type | Books |
| Lost status | Source of classification or shelving scheme | Damaged status | Not for loan | Collection code | Permanent Location | Current Location | Shelving location | Date acquired | Source of acquisition | Cost, normal purchase price | Total Checkouts | Full call number | Date last seen | Copy number | Koha item type |
|---|---|---|---|---|---|---|---|---|---|---|---|---|---|---|---|
| Dewey Decimal Classification | Non-fiction | Central Library, University of Rajshahi | Central Library, University of Rajshahi | 19/09/1955 | P.L. Sanme | 13.06 | 371.9 DEE 1928 | 28/08/2016 | C-2 | Books |